Ekonomika a organizácia spojov 1

Guardado en:
Detalles Bibliográficos
Autor principal: Šindelář, Josef
Formato: Libro
Lenguaje:checo
Publicado: Praha Nakladatelství dopravy a spojů 1984
Etiquetas: Agregar Etiqueta
Sin Etiquetas, Sea el primero en etiquetar este registro!

MARC

LEADER 00000nam a2200000 4500
001 c113730
005 20041019155156.6
041 0 |a cze 
044 |a CZ 
245 1 0 |a Ekonomika a organizácia spojov 1  |c Josef Šindelář 
264 1 |a Praha  |b Nakladatelství dopravy a spojů  |c 1984 
300 |a 136 s. 
100 1 |a Šindelář, Josef